=LDR 00000nam 2200000 4500 =001 INLIS000000000046161 =005 20150217095830.0 =006 =007 =008 =020 ##$$a 978-602-224-22-8 =035 ##$$0010-021500000000722 =040 ##$$a NBPDMAT =082 ##$$a 301 =090 ##$$a 301 $b Oki e =100 ##$$a Oki Pramabakti =245 ##$$a Ensiklopedia Sosiologi $c Oki Pramabakti =250 ##$$a Cet.2 =260 ##$$a Jakarta : $b Ghina Walafafa, $c 2011 =300 ##$$a viii, 72 hlm. : $b ilus. ; 28 cm. =650 ##$$a Sosiologi =850 ##$$a NBPDMAT